📖150 premiers mots "Terre des hommes" Saint-ExupĂ©ry (N°1) - Statistiques

Statistiques générales
  • Ce quiz a Ă©tĂ© pris 9 fois
  • Le rĂ©sultat moyen est 83 sur 150
Statistiques - réponses
Mots % Correct
Ă 
100%
ai
100%
Argentine,
100%
d'
100%
dans
100%
Dans
100%
De
100%
de
100%
des
100%
J'
100%
L'
100%
l'
100%
La
100%
la
100%
Le
100%
le
100%
les
100%
l'espace ...
100%
est
88%
et
88%
homme
88%
ma
88%
on
88%
ou
88%
oĂč
88%
peu
88%
premiĂšre
88%
sur
88%
terre
88%
un
88%
une
88%
autre,
75%
avec
75%
avion,
75%
ce
75%
cet
75%
en
75%
il
75%
Il
75%
pour
75%
se
75%
son
75%
tous
75%
elle
63%
Mais,
63%
nuit
63%
plus
63%
qu'
63%
que
63%
vol
63%
ĂȘtre,
50%
lui
50%
quand
50%
apprend
38%
faut
38%
nous
38%
peut-
38%
toujours
38%
comme
25%
étoiles,
25%
océan
25%
quelques
25%
Chacune
13%
cherchait
13%
livres.
13%
long
13%
mĂȘme
13%
nature,
13%
outil.
13%
outil
13%
Parce
13%
plaine.
13%
seules,
13%
sombre
13%
yeux,
13%
aériennes,
0%
arrache
0%
atteindre,
0%
charrue.
0%
confidences.
0%
conscience.
0%
découvre
0%
dégage
0%
devant
0%
éparses
0%
foyer,
0%
image
0%
labour,
0%
lignes
0%
lisait,
0%
lumiĂšres
0%
mĂȘle
0%
mesure
0%
miracle
0%
obstacle.
0%
paysan,
0%
poursuivait
0%
problĂšmes.
0%
rabot,
0%
rares
0%
réfléchissait,
0%
résiste.
0%
scintillaient
0%
secrets
0%
signalait,
0%
sonder
0%
ténÚbres,
0%
universelle.
0%
vérité
0%
vieux
0%
Aucun quiz correspondant
Distribution des résultats
% des personnes avec chaque résultat
Percentile par nombre de réponses
Votre historique - résultats
Vous n’avez pas pris ce quiz